| 000 | 00969nam a2200253Ia 4500 | ||
|---|---|---|---|
| 003 | OSt | ||
| 005 | 20221006164707.0 | ||
| 006 | a|||||r|||| 00| 0 | ||
| 007 | ta | ||
| 008 | 221006b |||||||| |||| 00| 0 hin d | ||
| 024 | _a43 | ||
| 037 | _cReference Collections | ||
| 040 |
_aFML _cFML _bhin |
||
| 041 |
_2hin _ahin |
||
| 082 | _aO152,2k, P5-; I | ||
| 100 |
_aअग्रवाल, प्रतिभा, ले. _9159397 |
||
| 245 | 0 | _aभारतीय रंगकोशः सन्दर्भः हिन्दी खण्ड-2 रंग व्यक्तित्व | |
| 246 | _aBhāratīya rangakoshah sandarbhah hindī khaṇḍa-2 ranga vyaktitva | ||
| 260 |
_aकोलकाता, _bनाट्य शोध संस्थान _c2006 |
||
| 300 |
_a320 _ccm. |
||
| 490 | _v2 | ||
| 942 |
_hO152,2k, P5-; I _cREF _2CC |
||
| 999 |
_c1118134 _d1118134 |
||